| 000 | 00362nam a2200133Ia 4500 | ||
|---|---|---|---|
| 008 | 230917s9999||||xx |||||||||||||| ||und|| | ||
| 040 |
_e88179 _aMAIN |
||
| 041 | _aEnglish | ||
| 082 | _a658.3 M317M | ||
| 245 | 0 | _aManpower profile India: year book 1992-93 | |
| 260 |
_aNew Delhi _bInstitute of Applied Manpower Research _c1993 |
||
| 300 | _axviii p. | ||
| 942 | _cBK | ||
| 999 |
_c81775 _d81775 |
||